Benjamin Graham on investing / (Record no. 30967)
[ view plain ]
| 000 -LEADER | |
|---|---|
| fixed length control field | 02201nam a22003737a 4500 |
| 005 - DATE AND TIME OF LATEST TRANSACTION | |
| control field | 2009102008508.0 |
| 010 ## - LCCN (DPL NO) | |
| LC control number | ENG-95144 B-424022-024 B-430621 |
| 020 ## - INTERNATIONAL STANDARD BOOK NUMBER | |
| International Standard Book Number | 9780070677586 |
| Terms of availability | 695.00 |
| 020 ## - INTERNATIONAL STANDARD BOOK NUMBER | |
| International Standard Book Number | 0070677581 |
| Terms of availability | 695.00 |
| 035 ## - SYSTEM CONTROL NUMBER | |
| System control number | EN-78677 |
| 035 ## - SYSTEM CONTROL NUMBER | |
| System control number | B-424022-024 |
| 035 ## - SYSTEM CONTROL NUMBER | |
| System control number | B-430621 |
| 037 ## - SOURCE OF ACQUISITION | |
| Source of stock number/acquisition | DBAD/PUB |
| 037 ## - SOURCE OF ACQUISITION | |
| Source of stock number/acquisition | Researchco Book Centre |
| 082 ## - DEWEY DECIMAL CLASSIFICATION NUMBER | |
| Classification number | 332.6092 |
| 245 ## - TITLE STATEMENT | |
| Title | Benjamin Graham on investing / |
| Statement of responsibility, etc | edited by Rodney G. Klein |
| 260 ## - PUBLICATION, DISTRIBUTION, ETC. (IMPRINT) | |
| Place of publication, distribution, etc | New Delhi |
| Name of publisher, distributor, etc | Tata MaGraw Hill Education |
| Date of publication, distribution, etc | 2009 |
| 270 ## - ADDRESS | |
| Address | 7, West patel Nagar |
| City | New Delhi |
| Postal code | 110008 |
| 300 ## - PHYSICAL DESCRIPTION | |
| Extent | xi, 400p. |
| Dimensions | 23cm.(Hb) |
| 500 ## - GENERAL NOTE | |
| General note | Includes index |
| 600 ## - SUBJECT ADDED ENTRY--PERSONAL NAME | |
| Personal name | Graham, Benjamin, |
| Dates associated with a name | 1894-1976 |
| 650 ## - SUBJECT ADDED ENTRY--TOPICAL TERM | |
| Topical term or geographic name as entry element | Investment analysis |
| 650 ## - SUBJECT ADDED ENTRY--TOPICAL TERM | |
| Topical term or geographic name as entry element | Value investing |
| 700 ## - ADDED ENTRY--PERSONAL NAME | |
| Personal name | Klein, Rodney G. |
| 9 (RLIN) | 31659 |
| 700 ## - ADDED ENTRY--PERSONAL NAME | |
| Personal name | Darst, David M. |
| 9 (RLIN) | 31660 |
| 942 ## - ADDED ENTRY ELEMENTS (KOHA) | |
| Source of classification or shelving scheme | Dewey Decimal Classification |
| Item type | English Books |
| Call number suffix | GRA |
| Classification part | 332.6092 |
| Withdrawn status | Lost status | Not for loan | Collection code | Home library | Current library | Date acquired | Source of acquisition | Cost, normal purchase price | Full call number | Barcode | Copy number | Cost, replacement price | Koha item type |
|---|---|---|---|---|---|---|---|---|---|---|---|---|---|
| Non-fiction | Central Library | Central Library | 05/08/2011 | Researchco Book Centre/RBC-22385/2011-12/14.3.11/76/4.3.11/21.3.11 | 695.00 | 332.6092 GRA | B-424022 | 1 | 695.00 | English Books | |||
| Not For Loan | Non-fiction | D.B.Act.Division | D.B.Act.Division | 16/10/2009 | DBAD / PUB | 695.00 | 332.6092 GRA | EN-78677 | 1 | 695.00 | English Books | ||
| Non-fiction | Patel Nagar | Patel Nagar | 05/08/2011 | Researchco Book Centre/RBC-22385/2011-12/14.3.11/76/4.3.11/21.3.11 | 695.00 | 332.6092 GRA | B-424023 | 1 | 695.00 | English Books | |||
| Non-fiction | Sarojini Nagar | Sarojini Nagar | 05/08/2011 | Researchco Book Centre/RBC-22385/2011-12/14.3.11/76/4.3.11/21.3.11 | 695.00 | 332.6092 GRA | B-424024 | 1 | 695.00 | English Books | |||
| Non-fiction | Shahdara Branch | Shahdara Branch | 08/08/2011 | Researchco Book Centre/RBC-22599/2011-12/28.3.11/76/4.3.11/31.3.11 | 695.00 | 332.6092 GRA | B-430621 | 1 | 695.00 | English Books |
